000 00199 a2200097 4500
001 59953
100 _a
245 _aRah Naward-i-Shauq
260 _aLahore
_b
_c2008
090 _c36793
_d36793
942 _aNUST-CAE
_cMONOGRAPH
_c29772
999 _c295026
_d295026